[Event "313rd YMCA Winter D"]
[Site "Warsaw"]
[Date "2026.01.13"]
[Round "1"]
[White "Wiktorowski, Janusz"]
[Black "Dabrowski, Leszek"]
[Result "1-0"]
[WhiteElo "1563"]
[BlackElo "1479"]
[PlyCount "55"]
[EventDate "2026.01.13"]
[EventType "tourn"]
[EventRounds "1"]
[EventCountry "POL"]
[SourceDate "2026.01.13"]

1. e4 d5 2. exd5 Nf6 3. d4 Nxd5 4. c4 Nb4 5. a3 N4c6 6. d5 Ne5 7. Be2 Bf5 8. f4
Ned7 9. Nc3 h6 10. Nf3 c5 11. O-O a6 12. Ne5 Qc7 13. Nxd7 Nxd7 14. Bf3 Nf6 15.
Re1 Qd6 16. Re5 Bh7 17. Qa4+ Qd7 18. Qa5 Rc8 19. Be3 Qd6 20. Rd1 Nd7 21. Ne4
Bxe4 22. Rxe4 h5 23. f5 Ne5 24. Bf4 Nxf3+ 25. gxf3 Qf6 26. d6 Rd8 27. Qxd8+
Kxd8 28. dxe7+ 1-0

[Event "313rd YMCA Winter D"]
[Site "Warsaw"]
[Date "2026.01.28"]
[Round "1"]
[White "Ossolinski, Lukasz"]
[Black "Florczak, Witold"]
[Result "1-0"]
[WhiteElo "1574"]
[BlackElo "1480"]
[PlyCount "119"]
[EventDate "2026.01.13"]
[EventType "tourn"]
[EventRounds "1"]
[EventCountry "POL"]
[SourceDate "2026.01.13"]

1. e4 c6 2. d4 d5 3. e5 Bf5 4. h4 h5 5. c4 e6 6. Nc3 a6 7. Bd3 Bxd3 8. Qxd3 b5
9. cxd5 cxd5 10. Nf3 Qc7 11. O-O g6 12. Bd2 Qc4 13. Qe3 Bh6 14. Qe1 Bxd2 15.
Qxd2 Qc8 16. Rac1 Qd8 17. Ne2 Ne7 18. Rc2 O-O 19. Ng3 Kg7 20. Qg5 Nec6 21.
Nxh5+ Kh7 22. Nf6+ Kg7 23. h5 Ne7 24. hxg6 Nxg6 25. Nh4 Nd7 26. Nxg6 fxg6 27.
Nh5+ Kh7 28. Qxd8 Raxd8 29. Ng3 Rc8 30. Rfc1 Nb6 31. b3 Rxc2 32. Rxc2 Rc8 33.
Rxc8 Nxc8 34. Ne2 Kg7 35. Kf1 b4 36. Nf4 Kf7 37. Ke2 Na7 38. Nd3 a5 39. Nc5 Nb5
40. Kd3 Nc3 41. Nb7 a4 42. bxa4 Nxa4 43. Nd8+ Ke7 44. Nc6+ Kd7 45. Nxb4 Nb2+
46. Kc2 Nc4 47. Nd3 Na3+ 48. Kb3 Nb5 49. a4 Nxd4+ 50. Kb4 Kc6 51. Nf4 g5 52.
Nd3 g4 53. a5 Nc2+ 54. Kc3 Na3 55. a6 Kb6 56. Kd4 Nb5+ 57. Ke3 Kxa6 58. Nc5+
Kb6 59. Nxe6 Kc6 60. Nd4+ 1-0

[Event "313rd YMCA Winter D"]
[Site "Warsaw"]
[Date "2026.01.13"]
[Round "1"]
[White "Dabrowski, Dawid"]
[Black "Sloniewski, Wojciech"]
[Result "1-0"]
[WhiteElo "1486"]
[BlackElo "1486"]
[PlyCount "69"]
[EventDate "2026.01.13"]
[EventType "tourn"]
[EventRounds "1"]
[EventCountry "POL"]
[SourceDate "2026.01.13"]

1. c4 c5 2. Nc3 e6 3. g3 Nc6 4. Bg2 Nf6 5. e3 Be7 6. Nge2 b6 7. d4 cxd4 8. exd4
Bb7 9. d5 Na5 10. b3 Rc8 11. O-O exd5 12. Nxd5 Nxd5 13. Bxd5 Bc6 14. Bb2 O-O
15. Nf4 Bf6 16. Bxf6 Qxf6 17. Bg2 Rfe8 18. Nd5 Qd6 19. Re1 Nb7 20. Qd2 Re6 21.
Re3 f5 22. Rae1 Rf8 23. Rd3 Rxe1+ 24. Qxe1 Qc5 25. Ne7+ Kh8 26. Nxc6 dxc6 27.
Rd7 Rb8 28. Qa1 Qf8 29. Bxc6 Na5 30. Bd5 a6 31. Rf7 Qg8 32. Rxf5 Qd8 33. h4 Rc8
34. Rf7 Qg8 35. Qd4 1-0

[Event "313rd YMCA Winter D"]
[Site "Warsaw"]
[Date "2026.01.13"]
[Round "1"]
[White "Przybylik, Mariusz"]
[Black "Kozera, Konrad"]
[Result "1/2-1/2"]
[WhiteElo "1508"]
[BlackElo "1592"]
[PlyCount "113"]
[EventDate "2026.01.13"]
[EventType "tourn"]
[EventRounds "1"]
[EventCountry "POL"]
[SourceDate "2026.01.13"]

1. d4 e6 2. Nf3 f5 3. Bg5 Nf6 4. e3 b6 5. Be2 Bb7 6. c4 Be7 7. O-O O-O 8. Nc3
Ne4 9. Bxe7 Qxe7 10. d5 Nxc3 11. bxc3 d6 12. Qd3 e5 13. Qb1 Nd7 14. Ne1 Nc5 15.
Nd3 Ne4 16. Qc2 Rf6 17. f3 Ng5 18. f4 Ne4 19. Nf2 exf4 20. exf4 Re8 21. Bd3
Nxf2 22. Rxf2 Qf7 23. Re2 Rxe2 24. Qxe2 Kf8 25. Re1 Bc8 26. Qc2 Qh5 27. Qe2
Qxe2 28. Rxe2 Rf7 29. Kf2 Re7 30. Rb2 h6 31. a3 Kf7 32. Rd2 Kf6 33. Be2 g5 34.
Rd4 Re4 35. Rxe4 fxe4 36. Ke3 Bf5 37. g4 gxf4+ 38. Kxf4 Bc8 39. Kxe4 Kg5 40. h3
Kh4 41. Kf4 Kxh3 42. g5 hxg5+ 43. Kxg5 Kg3 44. Kf6 Kf2 45. Bh5 Ba6 46. Ke7 Bxc4
47. Bf7 Ke3 48. Kd7 Kd3 49. Kxc7 Kxc3 50. Kb7 b5 51. Kxa7 Kb3 52. Kb6 Kxa3 53.
Kc6 b4 54. Bg6 b3 55. Kxd6 b2 56. Kc5 Bxd5 57. Kxd5 1/2-1/2

[Event "313rd YMCA Winter D"]
[Site "Warsaw"]
[Date "2026.01.13"]
[Round "1"]
[White "Matyszkiewicz, Radoslaw"]
[Black "Kita, Jaroslaw"]
[Result "0-1"]
[WhiteElo "1565"]
[BlackElo "1617"]
[PlyCount "56"]
[EventDate "2026.01.13"]
[EventType "tourn"]
[EventRounds "1"]
[EventCountry "POL"]
[SourceDate "2026.01.13"]

1. e4 c5 2. Nf3 Nc6 3. d4 cxd4 4. Nxd4 Nf6 5. Nc3 e5 6. Ndb5 d6 7. Bg5 a6 8.
Na3 b5 9. Nd5 Be7 10. Nxe7 Nxe7 11. Bxf6 gxf6 12. Qd2 Bb7 13. f3 f5 14. Bd3
fxe4 15. fxe4 Qd7 16. c4 Bc6 17. Qg5 Rg8 18. Qe3 b4 19. Nc2 a5 20. Rg1 Qb7 21.
Kd2 O-O-O 22. b3 Bd7 23. h3 f5 24. c5 f4 25. Qe2 dxc5 26. Ba6 Bb5+ 27. Ke1 Bxa6
28. Qf2 Qxe4+ 0-1

[Event "313rd YMCA Winter D"]
[Site "Warsaw"]
[Date "2026.01.20"]
[Round "2"]
[White "Kozera, Konrad"]
[Black "Matyszkiewicz, Radoslaw"]
[Result "0-1"]
[WhiteElo "1592"]
[BlackElo "1565"]
[PlyCount "114"]
[EventDate "2026.01.13"]
[EventType "tourn"]
[EventRounds "1"]
[EventCountry "POL"]
[SourceDate "2026.01.13"]

1. e4 c5 2. Nc3 Nc6 3. f4 e6 4. Nf3 d6 5. Bc4 Be7 6. d3 Nf6 7. O-O O-O 8. Bb3
d5 9. Ne5 dxe4 10. Nxc6 bxc6 11. Nxe4 Nxe4 12. dxe4 Qd4+ 13. Qxd4 cxd4 14. Bd2
Ba6 15. Rf3 c5 16. c3 c4 17. Ba4 d3 18. Re1 Bb7 19. Rh3 Ba6 20. Be3 Rfd8 21.
Bd4 Bd6 22. Rf1 Bb7 23. Rg3 g6 24. Re3 Bc7 25. Bd1 Bb6 26. Bxb6 axb6 27. a3 Re8
28. Kf2 f5 29. e5 Kf7 30. h3 Re7 31. g4 Be4 32. Bf3 Bxf3 33. Kxf3 Rd7 34. g5
Rh8 35. Rh1 h6 36. Ree1 hxg5 37. fxg5 Rh5 38. Kf4 d2 39. Rd1 Rd3 40. h4 Rh8 41.
Rh2 Rhd8 42. h5 gxh5 43. Rxh5 Kg7 44. Rh6 Re8 45. Rh2 Red8 46. Rh6 Rh8 47. Rxh8
Kxh8 48. g6 Kg7 49. Kg5 b5 50. Kf4 Kxg6 51. Rg1+ Kf7 52. Rd1 Ke7 53. Kg5 Kf7
54. Kh5 f4 55. Kg4 f3 56. Kg3 Kg6 57. Kf2 Kf5 0-1

[Event "313rd YMCA Winter D"]
[Site "Warsaw"]
[Date "2026.01.30"]
[Round "2"]
[White "Sloniewski, Wojciech"]
[Black "Przybylik, Mariusz"]
[Result "0-1"]
[WhiteElo "1486"]
[BlackElo "1508"]
[PlyCount "32"]
[EventDate "2026.01.13"]
[EventType "tourn"]
[EventRounds "1"]
[EventCountry "POL"]
[SourceDate "2026.01.13"]

1. e4 c5 2. Nc3 Nc6 3. f4 e6 4. Nf3 d5 5. d3 Be7 6. exd5 exd5 7. Be2 Nf6 8. O-O
O-O 9. d4 cxd4 10. Nxd4 Bc5 11. Be3 Re8 12. Bf2 Qe7 13. Re1 Qd7 14. a3 Ne4 15.
Qd3 Nxf2 16. Kxf2 Nxd4 0-1

[Event "313rd YMCA Winter D"]
[Site "Warsaw"]
[Date "2026.01.22"]
[Round "2"]
[White "Florczak, Witold"]
[Black "Dabrowski, Dawid"]
[Result "0-1"]
[WhiteElo "1480"]
[BlackElo "1486"]
[PlyCount "100"]
[EventDate "2026.01.13"]
[EventType "tourn"]
[EventRounds "1"]
[EventCountry "POL"]
[SourceDate "2026.01.13"]

1. e4 c5 2. c3 d5 3. exd5 Qxd5 4. d4 Nf6 5. Nf3 Nc6 6. Na3 Bg4 7. Be2 cxd4 8.
Nb5 Rc8 9. Nbxd4 Nxd4 10. Qxd4 Bxf3 11. Bxf3 Qxd4 12. cxd4 e6 13. O-O Rc7 14.
Bf4 Rd7 15. Rac1 Be7 16. Rc7 Rxc7 17. Bxc7 Kd7 18. Be5 b6 19. Rc1 Bd6 20. Rc6
Bxe5 21. dxe5 Ne8 22. a4 f6 23. exf6 Nxf6 24. a5 Nd5 25. Rc4 bxa5 26. Rc5 Rc8
27. Rxc8 Kxc8 28. Kf1 Kc7 29. Ke2 Kd6 30. Kd3 Kc5 31. g3 Nf6 32. Kc3 a4 33. Bd1
Nd5+ 34. Kd3 Kb4 35. Kd4 a3 36. bxa3+ Kxa3 37. f4 Kb4 38. f5 Nc7 39. fxe6 Nxe6+
40. Ke5 Nc5 41. Bc2 h6 42. h4 a5 43. Kf5 Kc3 44. Ba4 Nxa4 45. g4 Nc5 46. g5
hxg5 47. Kxg5 a4 48. Kg6 Ne6 49. Kf7 Nf4 50. Kxg7 a3 0-1

[Event "313rd YMCA Winter D"]
[Site "Warsaw"]
[Date "2026.01.20"]
[Round "2"]
[White "Dabrowski, Leszek"]
[Black "Ossolinski, Lukasz"]
[Result "1/2-1/2"]
[WhiteElo "1479"]
[BlackElo "1574"]
[PlyCount "60"]
[EventDate "2026.01.13"]
[EventType "tourn"]
[EventRounds "1"]
[EventCountry "POL"]
[SourceDate "2026.01.13"]

1. e4 e5 2. Nf3 Nf6 3. Nc3 Nc6 4. Bb5 Bb4 5. Nd5 Ba5 6. O-O d6 7. b4 Bb6 8.
Nxb6 axb6 9. d4 O-O 10. Bxc6 bxc6 11. dxe5 Nxe4 12. Qd4 Bf5 13. Qe3 c5 14. c3
dxe5 15. Nxe5 Qf6 16. f4 h5 17. Bb2 Qh6 18. a3 Rfe8 19. Qe2 Rad8 20. Rad1 Nd6
21. bxc5 bxc5 22. Qf3 f6 23. Nd3 Be4 24. Qf2 Bxd3 25. Rxd3 Ne4 26. Qc2 f5 27.
c4 Qb6 28. Be5 Qa5 29. Qd1 Rxd3 30. Qxd3 Qd2 1/2-1/2

[Event "313rd YMCA Winter D"]
[Site "Warsaw"]
[Date "2026.01.27"]
[Round "3"]
[White "Dabrowski, Dawid"]
[Black "Dabrowski, Leszek"]
[Result "0-1"]
[WhiteElo "1486"]
[BlackElo "1479"]
[PlyCount "118"]
[EventDate "2026.01.13"]
[EventType "tourn"]
[EventRounds "1"]
[EventCountry "POL"]
[SourceDate "2026.01.13"]

1. c4 Nf6 2. Nc3 e6 3. g3 c6 4. Bg2 d5 5. cxd5 cxd5 6. d4 Nc6 7. Nf3 h6 8. Bf4
Bb4 9. O-O Bxc3 10. bxc3 Ne4 11. Qc1 Bd7 12. c4 dxc4 13. Qxc4 Rc8 14. Qd3 Nf6
15. Bd6 Qa5 16. Ne5 Nd5 17. Nxd7 Kxd7 18. Bxd5 Qxd5 19. Bf4 Ke7 20. Qa3+ Ke8
21. Rfd1 Rd8 22. Be3 Qe4 23. Rac1 f6 24. Qb3 Rd7 25. Rc5 Ke7 26. f3 Qg6 27. d5
Rhd8 28. Rcc1 exd5 29. Bxa7 Nxa7 30. Qa3+ Ke8 31. Qxa7 Qf5 32. Qb6 d4 33. Rc5
Qg6 34. Rc7 Qf7 35. Rdc1 Qd5 36. Rxd7 Rxd7 37. Rc8+ Kf7 38. Qb3 Qxb3 39. axb3
Ke6 40. Kf1 Kd6 41. Rc4 Kd5 42. Ke1 b5 43. Rc1 Re7 44. Kd2 Re3 45. b4 Re5 46.
g4 Kd6 47. f4 Re4 48. Rf1 Kd5 49. Kd3 Re3+ 50. Kd2 Rb3 51. g5 Rxb4 52. gxh6
gxh6 53. Rg1 Rb2+ 54. Kd3 Rb3+ 55. Kc2 Rh3 56. Rg2 Ke4 57. Kd2 Kxf4 58. Rf2+
Ke5 59. Kc2 f5 0-1

[Event "313rd YMCA Winter D"]
[Site "Warsaw"]
[Date "2026.02.10"]
[Round "3"]
[White "Przybylik, Mariusz"]
[Black "Florczak, Witold"]
[Result "0-1"]
[WhiteElo "1508"]
[BlackElo "1480"]
[PlyCount "110"]
[EventDate "2026.01.13"]
[EventType "tourn"]
[EventRounds "1"]
[EventCountry "POL"]
[SourceDate "2026.01.13"]

1. d4 d5 2. Bf4 Nf6 3. Nf3 c5 4. e3 Bg4 5. Nbd2 Nc6 6. c3 c4 7. Be2 h6 8. h3
Bxf3 9. Nxf3 b5 10. a3 e6 11. Ne5 Nxe5 12. Bxe5 Nd7 13. Bg3 Be7 14. O-O O-O 15.
Bf3 Nb6 16. e4 a5 17. exd5 exd5 18. Re1 b4 19. axb4 axb4 20. Rxa8 Nxa8 21. Bxd5
Qxd5 22. Rxe7 b3 23. Qe2 Nb6 24. Re5 Qc6 25. Rc5 Qa4 26. Bc7 Qa1+ 27. Kh2 Na4
28. Rxc4 Nxb2 29. Rb4 Na4 30. Rxb3 Nxc3 31. Qb2 Qxb2 32. Rxb2 Nd5 33. Rb8 Nxc7
34. Rxf8+ Kxf8 35. Kg3 Nb5 36. d5 Nc7 37. d6 Nb5 38. d7 Ke7 39. f4 Kxd7 40. Kh4
Ke6 41. g4 Nd6 42. Kh5 Ne4 43. Kh4 g6 44. f5+ gxf5 45. gxf5+ Kxf5 46. Kh5 Kf4
47. Kxh6 f5 48. Kg6 Ng3 49. Kf6 Ke3 50. Kg5 f4 51. h4 f3 52. Kg4 Ne4 53. Kf5 f2
54. Kg6 Ng3 55. h5 Nxh5 0-1

[Event "313rd YMCA Winter D"]
[Site "Warsaw"]
[Date "2026.02.05"]
[Round "3"]
[White "Matyszkiewicz, Radoslaw"]
[Black "Sloniewski, Wojciech"]
[Result "0-1"]
[WhiteElo "1565"]
[BlackElo "1486"]
[PlyCount "98"]
[EventDate "2026.01.13"]
[EventType "tourn"]
[EventRounds "1"]
[EventCountry "POL"]
[SourceDate "2026.01.13"]

1. e4 c5 2. Nf3 e6 3. d4 cxd4 4. Nxd4 Nc6 5. Nxc6 bxc6 6. Nc3 Qc7 7. Bd3 Nf6 8.
O-O Be7 9. Kh1 O-O 10. f4 d5 11. e5 Nd7 12. Be3 f6 13. exf6 Bxf6 14. Qh5 g6 15.
Bxg6 hxg6 16. Qxg6+ Kh8 17. Rf3 Bg7 18. Rh3+ Kg8 19. Qxe6+ Rf7 20. Rg3 Nf6 21.
Qe5 Qxe5 22. fxe5 Nh5 23. Rg6 Bf5 24. Rg5 Rb8 25. Rxh5 Bxe5 26. Rg5+ Kh7 27.
Rf1 Rxb2 28. Ne2 Rxc2 29. Rgxf5 Rxf5 30. Rxf5 Rxe2 31. Bxa7 Re1+ 32. Bg1 Bd4
33. h3 Rxg1+ 34. Kh2 Re1 35. Kg3 Re3+ 36. Kf4 Re4+ 37. Kf3 Kg6 38. g4 Re5 39.
Rf8 Re3+ 40. Kf4 Rxh3 41. Rc8 Rc3 42. a4 c5 43. Rd8 Be3+ 44. Ke5 d4 45. a5 Ra3
46. Rd6+ Kg5 47. Ra6 d3 48. Ke4 d2 49. Rd6 Bd4 0-1

[Event "313rd YMCA Winter D"]
[Site "Warsaw"]
[Date "2026.01.29"]
[Round "3"]
[White "Kita, Jaroslaw"]
[Black "Kozera, Konrad"]
[Result "0-1"]
[WhiteElo "1617"]
[BlackElo "1592"]
[PlyCount "100"]
[EventDate "2026.01.13"]
[EventType "tourn"]
[EventRounds "1"]
[EventCountry "POL"]
[SourceDate "2026.01.13"]

1. e4 e6 2. d4 d5 3. Nd2 Nc6 4. Ngf3 Nf6 5. e5 Nd7 6. Nb3 Nb6 7. c3 f6 8. exf6
Qxf6 9. Bd3 h6 10. Qc2 Ne7 11. Ne5 Nf5 12. Bd2 c5 13. Bb5+ Kd8 14. Be2 cxd4 15.
Ng4 Qe7 16. cxd4 Bd7 17. Ne5 Rc8 18. Qd3 Be8 19. Ba5 Qg5 20. O-O Bd6 21. Rac1
Rxc1 22. Rxc1 Nxd4 23. Bxb6+ axb6 24. Qxd4 Qxe5 25. Qxe5 Bxe5 26. Bg4 Bf7 27.
Re1 Bxb2 28. Re2 Bf6 29. Bxe6 Re8 30. Bg4 Rxe2 31. Bxe2 d4 32. f4 Bd5 33. Bd3
Kc7 34. Kf2 Kc6 35. g3 b5 36. Ke2 b6 37. Kd2 Bc4 38. Kc2 Kd5 39. Kd2 Be7 40.
Nc1 Ba3 41. Nb3 Bb4+ 42. Kc2 Be1 43. a3 b4 44. axb4 Bxb4 45. g4 Bd6 46. Nd2 b5
47. f5 Bxh2 48. Nf3 Bf4 49. Nh4 b4 50. Nf3 b3+ 0-1

[Event "313rd YMCA Winter D"]
[Site "Warsaw"]
[Date "2026.02.03"]
[Round "4"]
[White "Sloniewski, Wojciech"]
[Black "Kita, Jaroslaw"]
[Result "0-1"]
[WhiteElo "1486"]
[BlackElo "1617"]
[PlyCount "60"]
[EventDate "2026.01.13"]
[EventType "tourn"]
[EventRounds "1"]
[EventCountry "POL"]
[SourceDate "2026.01.13"]

1. e4 c5 2. Nc3 Nc6 3. f4 g6 4. Nf3 Bg7 5. Bc4 e6 6. O-O Nge7 7. d3 O-O 8. a3
b6 9. Be3 d5 10. Ba2 d4 11. Bd2 dxc3 12. Bxc3 Nd4 13. Qd2 Nec6 14. Rf2 Nxf3+
15. Rxf3 Nd4 16. Rf2 Bb7 17. Raf1 Qc7 18. f5 exf5 19. exf5 Nxf5 20. Bxg7 Kxg7
21. Qc3+ Kg8 22. Qf6 Qd8 23. Rxf5 gxf5 24. Qxf5 Qe7 25. Qh3 Rae8 26. Qh5 Rd8
27. g3 Rd6 28. Rf4 Qe1+ 29. Rf1 Qe3+ 30. Rf2 Rf6 0-1

[Event "313rd YMCA Winter D"]
[Site "Warsaw"]
[Date "2026.02.13"]
[Round "4"]
[White "Florczak, Witold"]
[Black "Matyszkiewicz, Radoslaw"]
[Result "0-1"]
[WhiteElo "1480"]
[BlackElo "1565"]
[PlyCount "130"]
[EventDate "2026.01.13"]
[EventType "tourn"]
[EventRounds "1"]
[EventCountry "POL"]
[SourceDate "2026.01.13"]

1. e4 c5 2. c3 d5 3. exd5 Qxd5 4. Nf3 Qe4+ 5. Be2 Bg4 6. O-O Nf6 7. Re1 Qd5 8.
Na3 e6 9. Nb5 Bd6 10. h3 Bh5 11. Nxd6+ Qxd6 12. d4 O-O 13. dxc5 Qxc5 14. Be3
Qc7 15. Bd4 Rd8 16. Qc2 Bg6 17. Qc1 Nc6 18. Bxf6 gxf6 19. Nh4 Ne7 20. Qe3 Nd5
21. Qh6 Qf4 22. Qxf4 Nxf4 23. Bf3 Rd7 24. Nxg6 hxg6 25. Rad1 Rad8 26. Rxd7 Rxd7
27. Rd1 Rxd1+ 28. Bxd1 Nd3 29. b3 Kf8 30. Bc2 Nc1 31. a4 Ne2+ 32. Kf1 Nxc3 33.
Ke1 Ke7 34. Kd2 Nd5 35. g3 Kd6 36. f3 a5 37. h4 f5 38. g4 fxg4 39. fxg4 Nf6 40.
Bd1 b6 41. h5 gxh5 42. gxh5 Ng8 43. Kc3 Kc5 44. Be2 e5 45. Bc4 Nh6 46. Kd3 f5
47. Ke3 Ng4+ 48. Kf3 Kd4 49. Be6 Nh6 50. Bd7 Kd3 51. Bb5+ Kd2 52. Bc4 e4+ 53.
Kf4 e3 54. Kg5 e2 55. Bxe2 Kxe2 56. Kxh6 f4 57. Kg6 f3 58. h6 f2 59. h7 f1=Q
60. h8=Q Qb1+ 61. Kg5 Qxb3 62. Qh2+ Kd3 63. Qd6+ Kc2 64. Qc6+ Kb2 65. Kf6 Qc3+
0-1

[Event "313rd YMCA Winter D"]
[Site "Warsaw"]
[Date "2026.02.03"]
[Round "4"]
[White "Dabrowski, Leszek"]
[Black "Przybylik, Mariusz"]
[Result "1-0"]
[WhiteElo "1479"]
[BlackElo "1508"]
[PlyCount "139"]
[EventDate "2026.01.13"]
[EventType "tourn"]
[EventRounds "1"]
[EventCountry "POL"]
[SourceDate "2026.01.13"]

1. e4 c5 2. Nc3 Nc6 3. Bb5 d6 4. Bxc6+ bxc6 5. f4 e6 6. Nf3 d5 7. O-O Be7 8. d3
Nf6 9. e5 Nd7 10. Qe1 O-O 11. b3 Ba6 12. Ba3 c4 13. Bxe7 Qxe7 14. dxc4 dxc4 15.
Rf2 Nb6 16. Ne4 cxb3 17. axb3 Bb7 18. c4 c5 19. Rfa2 Bxe4 20. Qxe4 Qc7 21. Ng5
g6 22. Qe3 h6 23. Ne4 Rfd8 24. Nxc5 Nd7 25. Ne4 Nf8 26. h3 Qb8 27. Kh2 Qb4 28.
Rxa7 Rxa7 29. Rxa7 Nd7 30. Rxd7 Rxd7 31. Nf6+ Kg7 32. Nxd7 h5 33. Qb6 Qd2 34.
Kh1 Qxd7 35. Qd6 Qa7 36. Qd2 Qa1+ 37. Kh2 Qf1 38. c5 Qb5 39. Qc3 Qc6 40. b4 Qe4
41. Qd2 g5 42. g3 g4 43. h4 Qc4 44. Qb2 Qb5 45. Qd2 Qc4 46. Qg2 Qxb4 47. c6 Qa5
48. Qc2 Qc7 49. Qc5 Kg8 50. Qb5 Qa7 51. Qb2 Kg7 52. Qc2 Qc7 53. Qc5 Qb8 54. c7
Qb2+ 55. Kg1 Qb1+ 56. Kf2 Qb2+ 57. Ke1 Qb1+ 58. Kd2 Qb2+ 59. Qc2 Qd4+ 60. Ke2
Qg1 61. c8=Q Qxg3 62. Qe4 Qxh4 63. Qc5 g3 64. Qg1 Qh3 65. Qeg2 Qg4+ 66. Qf3 Qf5
67. Qfxg3+ Qg4+ 68. Qxg4+ hxg4 69. Qxg4+ Kf8 70. Qg5 1-0

[Event "313rd YMCA Winter D"]
[Site "Warsaw"]
[Date "2026.02.03"]
[Round "4"]
[White "Wiktorowski, Janusz"]
[Black "Ossolinski, Lukasz"]
[Result "0-1"]
[WhiteElo "1563"]
[BlackElo "1574"]
[PlyCount "120"]
[EventDate "2026.01.13"]
[EventType "tourn"]
[EventRounds "1"]
[EventCountry "POL"]
[SourceDate "2026.01.13"]

1. e4 c5 2. Nf3 d6 3. Bb5+ Bd7 4. Bxd7+ Qxd7 5. d4 cxd4 6. Nxd4 Nc6 7. O-O Nf6
8. Nc3 g6 9. Be3 Bg7 10. f3 O-O 11. Rc1 Ne5 12. Qe2 a6 13. Nd5 Nxd5 14. exd5
Qa4 15. b3 Qxa2 16. Ra1 Qb2 17. f4 Ng4 18. Nf3 Nxe3 19. Qxe3 Qxc2 20. Rac1 Qf5
21. Qxe7 Qxd5 22. Rfd1 Qxb3 23. Qxd6 Rac8 24. Rb1 Qe3+ 25. Kf1 Rc6 26. Qd7 Qxf4
27. Rxb7 Rc1 28. Rxc1 Qxc1+ 29. Kf2 a5 30. Ra7 Qc5+ 31. Kg3 Be5+ 32. Kh3 Qe3
33. Qe7 Qh6+ 34. Qh4 Qxh4+ 35. Kxh4 Bc3 36. Kg5 Kg7 37. Rc7 h6+ 38. Kg4 Bb4 39.
Nd4 Re8 40. Kf3 Re5 41. h3 Bd2 42. Rc2 Bg5 43. Ra2 Re3+ 44. Kf2 Rd3 45. Nf3 Rd5
46. Ra4 Bd8 47. Ke2 Rb5 48. Rd4 Bb6 49. Rd6 a4 50. Rd2 a3 51. Ra2 Rb2+ 52. Rxb2
axb2 53. Nd2 Kf6 54. Kd3 Ba5 55. Nb1 Bc7 56. Kc2 Be5 57. Nd2 Kf5 58. Nc4 f6 59.
Nxe5 Kxe5 60. Kxb2 Ke4 0-1

[Event "313rd YMCA Winter D"]
[Site "Warsaw"]
[Date "2026.02.10"]
[Round "5"]
[White "Dabrowski, Dawid"]
[Black "Wiktorowski, Janusz"]
[Result "0-1"]
[WhiteElo "1486"]
[BlackElo "1563"]
[PlyCount "146"]
[EventDate "2026.01.13"]
[EventType "tourn"]
[EventRounds "1"]
[EventCountry "POL"]
[SourceDate "2026.01.13"]

1. e4 e5 2. Bc4 Bc5 3. c3 Nc6 4. b4 Bb6 5. Nf3 Nf6 6. d3 h6 7. O-O d6 8. h3 O-O
9. Bb2 Ne7 10. Re1 Ng6 11. d4 Qe7 12. Nbd2 Nf4 13. Qc2 Kh8 14. a4 a5 15. b5 c5
16. d5 N6h5 17. Bf1 f5 18. Nc4 Bd8 19. g3 fxe4 20. Nfd2 Nxh3+ 21. Bxh3 Bxh3 22.
Nxe4 Qf7 23. Re3 Be7 24. Rd1 Qg6 25. Qd3 Bf5 26. Ncd2 Bg5 27. Qe2 Bxe3 28. Qxe3
Nf4 29. c4 Nh3+ 30. Kg2 Bxe4+ 31. Nxe4 Qh5 32. Rh1 Nf4+ 33. gxf4 Qg4+ 34. Qg3
Rxf4 35. Qxg4 Rxg4+ 36. Kf3 Rf4+ 37. Ke3 Raf8 38. Rh3 Rd8 39. b6 Rd7 40. Bc3
Rd8 41. Kd3 Kg8 42. Nxd6 Rxd6 43. Bxe5 Rff6 44. Bxd6 Rxd6 45. Ke4 Rxb6 46. Ke5
Kf7 47. d6 Rb2 48. Rf3+ Ke8 49. Kd5 h5 50. Kxc5 h4 51. Re3+ Kd8 52. Rf3 g5 53.
Rf8+ $11 Kd7 54. f3 b6+ 55. Kd5 Rd2+ 56. Ke5 Rxd6 57. Kf5 Ke7 58. Rh8 Rd4 59.
Kxg5 Rxc4 60. Rxh4 Rxh4 61. Kxh4 b5 62. axb5 a4 63. b6 Kd7 64. Kg5 a3 65. b7
Kc7 66. f4 a2 67. f5 a1=Q 68. Kg6 Qg1+ 69. Kf7 Qa7 70. f6 Kd6 71. Kg7 Qxb7+ 72.
f7 Ke6 73. Kh8 Kxf7 0-1

[Event "313rd YMCA Winter D"]
[Site "Warsaw"]
[Date "2026.02.10"]
[Round "5"]
[White "Matyszkiewicz, Radoslaw"]
[Black "Dabrowski, Leszek"]
[Result "1-0"]
[WhiteElo "1565"]
[BlackElo "1479"]
[PlyCount "41"]
[EventDate "2026.01.13"]
[EventType "tourn"]
[EventRounds "1"]
[EventCountry "POL"]
[SourceDate "2026.01.13"]

1. e4 d5 2. exd5 Nf6 3. Bb5+ Nbd7 4. Nc3 a6 5. Ba4 b5 6. Bb3 Nb6 7. Nf3 Nbxd5
8. Nxd5 Nxd5 9. d4 Bg4 10. h3 Bh5 11. g4 Bg6 12. Ne5 Be4 13. Rg1 e6 14. Qe2 Bg6
15. a4 b4 16. h4 f6 17. Nxg6 hxg6 18. Qxe6+ Ne7 19. Qf7+ Kd7 20. Bd5 Rb8 21.
Qe6+ 1-0

[Event "313rd YMCA Winter D"]
[Site "Warsaw"]
[Date "2026.02.11"]
[Round "5"]
[White "Kita, Jaroslaw"]
[Black "Florczak, Witold"]
[Result "1-0"]
[WhiteElo "1617"]
[BlackElo "1480"]
[PlyCount "85"]
[EventDate "2026.01.13"]
[EventType "tourn"]
[EventRounds "1"]
[EventCountry "POL"]
[SourceDate "2026.01.13"]

1. e4 c6 2. d4 d5 3. Nc3 g6 4. Nf3 Bg4 5. h3 Bxf3 6. Qxf3 e6 7. Be2 Bg7 8. e5
Ne7 9. Bg5 Qb6 10. O-O-O Nf5 11. Qd3 h6 12. Bf4 Nd7 13. g4 Ne7 14. Kb1 c5 15.
Na4 Qc7 16. Nxc5 Nxc5 17. dxc5 a6 18. Qe3 Rc8 19. Rhe1 Qxc5 20. Qxc5 Rxc5 21.
Be3 Rc8 22. f4 Nc6 23. h4 Ne7 24. Bd4 Nc6 25. Bf2 Ne7 26. c3 Nc6 27. Bd3 h5 28.
Rg1 Ne7 29. Be2 Bh6 30. Be3 hxg4 31. Bxg4 Nf5 32. Bxf5 gxf5 33. Rg2 Rc4 34. Rf1
Bf8 35. Rh1 Bh6 36. Rf1 Bf8 37. Rh2 Rg8 38. h5 Bh6 39. Kc2 Rg4 40. Bd2 Bxf4 41.
Bxf4 Rcxf4 42. Rxf4 Rxf4 43. h6 1-0

[Event "313rd YMCA Winter D"]
[Site "Warsaw"]
[Date "2026.02.10"]
[Round "5"]
[White "Kozera, Konrad"]
[Black "Sloniewski, Wojciech"]
[Result "0-1"]
[WhiteElo "1592"]
[BlackElo "1486"]
[PlyCount "40"]
[EventDate "2026.01.13"]
[EventType "tourn"]
[EventRounds "1"]
[EventCountry "POL"]
[SourceDate "2026.01.13"]

1. e4 c5 2. Nf3 e6 3. d4 cxd4 4. Nxd4 Nc6 5. Be3 a6 6. Be2 Qc7 7. Nc3 Nf6 8.
Qd2 Bb4 9. f3 d5 10. Bd3 e5 11. exd5 Nxd4 12. f4 Nxd5 13. O-O Nxc3 14. Bxd4
exd4 15. Rae1+ Kd8 16. Qf2 Nd5 17. Re5 Be6 18. Qh4+ Be7 19. Qf2 Ne3 20. Re1 Bf6
0-1

[Event "313rd YMCA Winter D"]
[Site "Warsaw"]
[Date "2026.02.18"]
[Round "6"]
[White "Florczak, Witold"]
[Black "Kozera, Konrad"]
[Result "0-1"]
[WhiteElo "1480"]
[BlackElo "1592"]
[PlyCount "108"]
[EventDate "2026.01.13"]
[EventType "tourn"]
[EventRounds "1"]
[EventCountry "POL"]
[SourceDate "2026.01.13"]

1. e4 c5 2. c3 d5 3. exd5 Qxd5 4. d4 e5 5. Na3 cxd4 6. Nb5 Qe4+ 7. Qe2 Qxe2+ 8.
Bxe2 Na6 9. cxd4 exd4 10. a3 Nf6 11. Nxd4 Bc5 12. Ngf3 Bg4 13. h3 Bh5 14. Nf5
O-O 15. O-O Rfe8 16. Be3 Bxe3 17. Nxe3 Nc7 18. Nd4 Bxe2 19. Nxe2 Ncd5 20. Nxd5
Nxd5 21. Nd4 Re4 22. Nf3 Rc4 23. Rac1 Re4 24. Rfd1 Nb6 25. Kf1 Re7 26. Rd4 f6
27. a4 Rae8 28. a5 Nd7 29. Rdc4 b6 30. Rc7 Ne5 31. Nxe5 Rxe5 32. Rxa7 bxa5 33.
Ra1 Rb5 34. R7xa5 Rxb2 35. R5a2 Ree2 36. Rxb2 Rxb2 37. g3 Kf7 38. h4 Kg6 39.
Ra7 f5 40. Ra6+ Kf7 41. h5 Rb5 42. Kg2 Re5 43. Ra7+ Re7 44. Rxe7+ Kxe7 45. Kf3
Kf6 46. Kf4 g5+ 47. hxg6 hxg6 48. g4 g5+ 49. Kg3 f4+ 50. Kg2 Ke5 51. f3 Kd4 52.
Kf2 Kd3 53. Kf1 Ke3 54. Kg2 Ke2 0-1